| 000 | 01397nam2a2200241 4500 | ||
|---|---|---|---|
| 001 | RU\NLR\BIBL_A\012397155 | ||
| 005 | 20260409072759.0 | ||
| 035 | _a(NLR Aleph) 012397155 | ||
| 090 |
_a11705117 _c11705117 |
||
| 100 | _a20201105d2020 u y0rusy50 ca | ||
| 101 | 0 | _arus | |
| 102 | _aRU | ||
| 200 | 1 |
_aФилософия текста, вып. 2 _iВзаимодействие текстов и структур в процессе коммуникации _dThe philosophy of text, iss. 2 _iInteraction of texts and structures of communication _zeng |
|
| 210 | _d2020 | ||
| 461 | 0 |
_1001RU\NLR\Per\717657 _12001#$aСлово.ру: балтийский акцент$eнаучно-гуманитарный журнал$vТ. 11, № 1 (темат. вып.) _93068312 _cКалининград _d2010 - _nИзд-во Российского государственного университета имени Иммануила Канта _oнаучно-гуманитарный журнал _tСлово.ру: балтийский акцент _x2225-5346 _vТ. 11, № 1 (темат. вып.) |
|
| 510 | 1 |
_aThe philosophy of text, iss. 2 _iInteraction of texts and structures of communication _zeng |
|
| 606 |
_aТекст (лингв.) _jСборники _3RU\NLR\AUTH\661077073 _91745069 |
||
| 686 | 1 | _aШ102.23я43 | |
| 852 |
_aNLR _jП23/8050 |
||
| 942 | _cISSUE | ||
| 980 | _aNB | ||
| 980 | _aRUSPER | ||